Scrivere l'alfabeto - Statistics

Statistiche generali
  • Questo quiz è stato fatto 192 volte
  • Il punteggio medio è 25 su 26
Statistiche sulle risposte
Lettera % Corretto
A
100%
B
99%
C
98%
D
98%
E
98%
F
98%
G
98%
H
98%
I
98%
J
96%
K
95%
L
95%
M
95%
N
94%
O
94%
P
94%
Q
94%
R
94%
S
94%
T
94%
U
94%
V
93%
W
93%
X
93%
Y
93%
Z
92%
Nessun quiz corrispondente trovato
Distribuzione punteggi
Percentuale di utenti per punteggio
Percentile per numero di risposta
I tuoi punteggi nel tempo
Non hai fatto questo quiz